डा. भीमराव अंबेडकर / (Record no. 39492)

MARC details
000 -LEADER
fixed length control field 00803nam a22002057a 4500
005 - DATE AND TIME OF LATEST TRANSACTION
control field 20160426155336.0
010 ## - LCCN (DPL NO)
LC control number HIN-90003
020 ## - INTERNATIONAL STANDARD BOOK NUMBER
Terms of availability 100.00
International Standard Book Number 9788177210910
035 ## - SYSTEM CONTROL NUMBER
System control number HN-62349
037 ## - SOURCE OF ACQUISITION
Source of stock number/acquisition DBAD / PUB
082 ## - DEWEY DECIMAL CLASSIFICATION NUMBER
Classification number 921
100 ## - MAIN ENTRY--PERSONAL NAME
Personal name किशोर, पंकज
245 ## - TITLE STATEMENT
Title डा. भीमराव अंबेडकर /
Statement of responsibility, etc पंकज किशोर
246 ## - VARYING FORM OF TITLE
Title proper/short title Dr. Bhimrao Ambedkar
Remainder of title by Pankaj Kishore
260 ## - PUBLICATION, DISTRIBUTION, ETC. (IMPRINT)
Place of publication, distribution, etc दिल्ली
Name of publisher, distributor, etc सत्साहित्य प्रकाशन
Date of publication, distribution, etc 2009
270 ## - ADDRESS
Address 205-बी, चावड़ी बाजार
City दिल्ली
Postal code 110006
300 ## - PHYSICAL DESCRIPTION
Extent 80पृ.
Dimensions 22सेमी (सजिल्द)
700 ## - ADDED ENTRY--PERSONAL NAME
Personal name श्रीवास्तव, आलोक
9 (RLIN) 789
942 ## - ADDED ENTRY ELEMENTS (KOHA)
Source of classification or shelving scheme Dewey Decimal Classification
Item type Hindi Books
Classification part 921
Call number suffix किशोर
Holdings
Withdrawn status Lost status Not for loan Collection code Home library Current library Date acquired Source of acquisition Cost, normal purchase price Full call number Barcode Copy number Cost, replacement price Koha item type
    Not For Loan Non-fiction D.B.Act.Division D.B.Act.Division 05/08/2010 DBAD / PUB 100.00 921 किशोर HN-62349 1 100.00 Hindi Books

© Delhi Public Library
Hit Counter
free hit counter